000 00620nam a2200205Ia 4500
001 19626
003 GE_BSU
008 181216s||||||||xx |||||||||||||| ||und||
040 _cGE_BSU
245 _aКлиническая медицина. Том 94. №9, 2016.
245 _cГл. ред. В.Б.Симоненко.
260 _aМосква
260 _c2016
300 _a644-720стр. 30см. илл.
653 _aКлиническая медицина. Том 94. №9, 2016.
653 _aПериодика
653 _aმედიცინა
653 _aპერიოდიკა
942 _cCR
999 _c52602
_d52602